Score 0/30 Timer 08:00
0 Plays Today
Owner Pet Name % Correct
Dorothy Gale's Cairn TerrierToto
96.9%
Fred Flinstones Dinosaur DogDino
94.6%
Mickey Mouse's HoundPluto
91.5%
Jon Arbuckle's lazy, orange-tabby catGarfield
90.7%
Joe Carraclough's Collie that 'came home'Lassie
88.4%
The Newton's St. Bernard named after a famous composerBeethoven
87.6%
Elroy Jetson's futuristic canineAstro
81.4%
Wilbur Post's talking Palomino horseMr Ed
80.6%
Mystery Inc.'s Great Dane sleuthScooby Doo
79.8%
Travis and Arliss Coates' 'faithful' yellow labOld Yeller
78.3%
Peter Griffin's 'best friend'Brian
74.4%
Brett Camber's rabid St. BernardCujo
72.1%
Martin Crane's Jack Russell TerrierEddie
72.1%
John and Jennifer Grogan's mischievous yellow Labrador RetrieverMarley
67.4%
Jim and Darling Dear's American Cocker SpanielLady
57.4%
Owner Pet Name % Correct
Doc Brown's Sheepdog past, present, and futureEinstein
55%
Dr. Evil's bald Persian catMr Bigglesworth
50.4%
Detective Scott Turner's crime-witnessing, slobbery Dogue de BordeauxHooch
50.4%
The Grinch's loving dogMax
47.3%
Tommy Pickles' and Chuckie Finster's hero houndSpike
43.4%
This Pug played 'Agent F'Frank
38%
Peggy and Al Bundy's Briard Buck
34.1%
Paul and Jamie Buchman's Border-Collie mixMurray
33.3%
Dr. Who's canoid robotK-9
23.3%
Stanley Ipkiss' mask wearing Jack Russel TerrierMilo
22.5%
Chevy Chase becomes this dog in 'Oh, Heavenly Dog!'Benji
21.7%
C.C. Babcock's Pomeranian liked Fran betterChester
15.5%
Punky Brewster's Golden RetrieverBrandon
12.4%
Sam's Siberian Husky who fends off Sam's vampire brother, MichaelNanook
6.2%
Simon Bishop's non-obssessive compulsive disorder Brussells GriffonVerdell
3.1%
Remove Ads.
Support Sporcle.
Get the best of Sporcle when you Go Orange. This ad-free experience offers more features, more stats, and more fun while also helping to support Sporcle. Thank you for becoming a member.

You're not logged in!

Compare scores with friends on all Sporcle quizzes.
OR
Log In

Show Comments

Extras

Created Oct 21, 2010SourceReportNominate
Tags:initial, Owner, pet, screen

Top Quizzes Today


Score Distribution

Your Account Isn't Verified!

In order to create a playlist on Sporcle, you need to verify the email address you used during registration. Go to your Sporcle Settings to finish the process.

Report this User

Report this user for behavior that violates our Community Guidelines.

Details: